MATHEMATICAL THINKING AND WRITING A TRAN (Record no. 16415)
[ view plain ]
| 000 -LEADER | |
|---|---|
| fixed length control field | 00369nam a2200133Ia 4500 |
| 008 - FIXED-LENGTH DATA ELEMENTS--GENERAL INFORMATION | |
| fixed length control field | 240624s9999 xx 000 0 und d |
| 041 ## - LANGUAGE CODE | |
| Language code of text/sound track or separate title | eng |
| 082 ## - DEWEY DECIMAL CLASSIFICATION NUMBER | |
| Classification number | 511.3 MAD |
| 100 ## - MAIN ENTRY--PERSONAL NAME | |
| Personal name | MADDOX RANDALL B |
| 245 ## - TITLE STATEMENT | |
| Title | MATHEMATICAL THINKING AND WRITING A TRAN |
| 260 ## - PUBLICATION, DISTRIBUTION, ETC. | |
| Date of publication, distribution, etc. | 2002 |
| Place of publication, distribution, etc. | California |
| Name of publisher, distributor, etc. | Hardcourt/Academic Press |
| 300 ## - PHYSICAL DESCRIPTION | |
| Extent | xviii, : 304 : p. : cm. ; 24 |
| 365 ## - TRADE PRICE | |
| Currency code | |
| Price amount | 30 |
| Withdrawn status | Lost status | Damaged status | Not for loan | Home library | Current library | Shelving location | Date acquired | Source of acquisition | Cost, normal purchase price | Total Checkouts | Full call number | Barcode | Date last seen | Date last checked out | Copy number | Price effective from | Koha item type |
|---|---|---|---|---|---|---|---|---|---|---|---|---|---|---|---|---|---|
| IMTN | IMTN | Rack 17-A | 01/05/2011 | BB | 107.00 | 1 | 511.3 MAD | 16415 | 07/26/2025 | 07/13/2025 | 47.4 | 06/24/2024 | Books |